[Event "Rapid 2018"]
[Site "Saint-Petersburg"]
[Date "2018.12.28"]
[Round "12"]
[Board "64"]
[White "Frolyanov Dmitry (RUS)"]
[Black "Baron Tal (ISR)"]
[Result "1-0"]
[LiveChessVersion "1.4.8"]
[BlackElo "2525"]
[WhiteElo "2614"]

1. e4 {[%clk 0:15:17]} e6 {[%clk 0:14:31]} 2. d4 {[%clk 0:15:25]} d5
{[%clk 0:14:40]} 3. Nc3 {[%clk 0:15:33]} Bb4 {[%clk 0:14:48]} 4. e5
{[%clk 0:15:41]} c5 {[%clk 0:14:57]} 5. a3 {[%clk 0:15:48]} Bxc3+
{[%clk 0:15:06]} 6. bxc3 {[%clk 0:15:57]} Ne7 {[%clk 0:15:14]} 7. Qg4
{[%clk 0:16:02]} cxd4 {[%clk 0:15:23]} 8. Qxg7 {[%clk 0:16:05]} Rg8
{[%clk 0:15:32]} 9. Qxh7 {[%clk 0:16:13]} Qc7 {[%clk 0:15:41]} 10. Ne2
{[%clk 0:14:45]} Nbc6 {[%clk 0:15:49]} 11. f4 {[%clk 0:14:40]} dxc3
{[%clk 0:15:58]} 12. h4 {[%clk 0:14:36]} Bd7 {[%clk 0:15:39]} 13. h5
{[%clk 0:14:44]} d4 {[%clk 0:15:32]} 14. h6 {[%clk 0:14:31]} O-O-O
{[%clk 0:15:39]} 15. Qd3 {[%clk 0:14:36]} Be8 {[%clk 0:15:41]} 16. h7
{[%clk 0:13:34]} Rh8 {[%clk 0:15:50]} 17. g4 {[%clk 0:13:09]} Nd5
{[%clk 0:08:10]} 18. Bg2 {[%clk 0:12:59]} Ncb4 {[%clk 0:06:20]} 19. axb4
{[%clk 0:12:04]} Nxb4 {[%clk 0:06:29]} 20. Qd1 {[%clk 0:10:45]} d3
{[%clk 0:06:38]} 21. Rxa7 {[%clk 0:09:49]} Nxc2+ {[%clk 0:03:00]} 22. Kf1
{[%clk 0:09:57]} Bb5 {[%clk 0:00:52]} 23. Ra8+ {[%clk 0:09:31]} Kd7
{[%clk 0:01:01]} 24. Rxd8+ {[%clk 0:09:39]} Kxd8 {[%clk 0:01:10]} 25. Rh3
{[%clk 0:08:16]} Kc8 {[%clk 0:01:10]} 26. Rxd3 {[%clk 0:07:59]} Bxd3
{[%clk 0:00:56]} 27. Qxd3 {[%clk 0:08:04]} Nb4 {[%clk 0:01:03]} 28. Qxc3
{[%clk 0:08:00]} Qxc3 {[%clk 0:01:09]} 29. Nxc3 {[%clk 0:08:07]} Rxh7
{[%clk 0:01:16]} 30. Ne4 {[%clk 0:07:52]} Kc7 {[%clk 0:01:08]} 31. Ng5
{[%clk 0:06:44]} Rg7 {[%clk 0:00:44]} 32. Ke2 {[%clk 0:06:35]} Nc6
{[%clk 0:00:52]} 33. Ba3 {[%clk 0:05:49]} Nd8 {[%clk 0:00:59]} 34. Be7
{[%clk 0:04:53]} Nc6 {[%clk 0:00:00]} 1-0

[Event "Rapid 2018"]
[Site "Saint-Petersburg"]
[Date "2018.12.28"]
[Round "12"]
[Board "65"]
[White "Shaposhnikov Evgeny (RUS)"]
[Black "Makarov Marat (RUS)"]
[Result "1-0"]
[LiveChessVersion "1.4.8"]
[BlackElo "2486"]
[WhiteElo "2613"]

1. Nf3 {[%clk 0:15:19]} Nf6 {[%clk 0:15:12]} 2. c4 {[%clk 0:15:27]} c5
{[%clk 0:15:13]} 3. Nc3 {[%clk 0:15:30]} b6 {[%clk 0:15:16]} 4. d4
{[%clk 0:15:34]} cxd4 {[%clk 0:15:24]} 5. Nxd4 {[%clk 0:15:42]} Bb7
{[%clk 0:15:34]} 6. Bg5 {[%clk 0:15:50]} a6 {[%clk 0:14:37]} 7. Bxf6
{[%clk 0:15:38]} gxf6 {[%clk 0:14:46]} 8. e4 {[%clk 0:15:18]} e6 {[%clk 0:14:49]}
9. Be2 {[%clk 0:14:09]} Bb4 {[%clk 0:14:24]} 10. O-O {[%clk 0:13:52]} Bxc3
{[%clk 0:14:32]} 11. bxc3 {[%clk 0:14:01]} O-O {[%clk 0:12:04]} 12. Qd3
{[%clk 0:13:27]} Kh8 {[%clk 0:11:49]} 13. Rab1 {[%clk 0:13:13]} d6
{[%clk 0:11:52]} 14. Rfd1 {[%clk 0:13:10]} Nd7 {[%clk 0:12:00]} 15. Nb3
{[%clk 0:12:44]} Ne5 {[%clk 0:10:50]} 16. Qd4 {[%clk 0:12:37]} Rg8
{[%clk 0:09:27]} 17. Nd2 {[%clk 0:12:31]} b5 {[%clk 0:07:22]} 18. a4
{[%clk 0:12:40]} Ng6 {[%clk 0:05:00]} 19. Qe3 {[%clk 0:12:15]} f5
{[%clk 0:04:35]} 20. cxb5 {[%clk 0:11:18]} axb5 {[%clk 0:04:37]} 21. axb5
{[%clk 0:11:03]} f4 {[%clk 0:04:38]} 22. Qh3 {[%clk 0:10:56]} Ra2
{[%clk 0:04:17]} 23. Ra1 {[%clk 0:09:40]} Rxa1 {[%clk 0:02:21]} 24. Rxa1
{[%clk 0:09:49]} Ne5 {[%clk 0:02:27]} 25. Qh6 {[%clk 0:07:49]} f3
{[%clk 0:02:16]} 26. Nxf3 {[%clk 0:06:07]} Bxe4 {[%clk 0:01:59]} 27. Qe3
{[%clk 0:05:59]} Bxf3 {[%clk 0:01:50]} 28. Bxf3 {[%clk 0:06:05]} Qf6
{[%clk 0:01:53]} 29. Be2 {[%clk 0:05:50]} d5 {[%clk 0:00:34]} 30. g3
{[%clk 0:05:31]} Nd7 {[%clk 0:00:29]} 31. Ra7 {[%clk 0:05:29]} Rd8
{[%clk 0:00:13]} 32. b6 {[%clk 0:05:35]} Kg7 {[%clk 0:00:17]} 33. Rb7
{[%clk 0:03:30]} Ne5 {[%clk 0:00:25]} 34. Rc7 {[%clk 0:03:23]} Ra8
{[%clk 0:00:15]} 35. b7 {[%clk 0:03:09]} Ra1+ {[%clk 0:00:23]} 36. Kg2
{[%clk 0:03:18]} Rb1 {[%clk 0:00:31]} 37. Ba6 {[%clk 0:02:37]} Rb2
{[%clk 0:00:34]} 38. Qf4 {[%clk 0:02:13]} Qxf4 {[%clk 0:00:14]} 39. gxf4
{[%clk 0:02:22]} Ng4 {[%clk 0:00:15]} 40. Rc8 {[%clk 0:02:18]} 1-0

[Event "Rapid 2018"]
[Site "Saint-Petersburg"]
[Date "2018.12.28"]
[Round "12"]
[Board "66"]
[White "Gutenev Alexander (RUS)"]
[Black "Roiz Michael (ISR)"]
[Result "1/2-1/2"]
[LiveChessVersion "1.4.8"]
[BlackElo "2611"]
[WhiteElo "2490"]

1. e4 {[%clk 0:15:17]} e5 {[%clk 0:15:13]} 2. Nf3 {[%clk 0:15:25]} Nc6
{[%clk 0:15:21]} 3. Bb5 {[%clk 0:15:34]} Nf6 {[%clk 0:15:06]} 4. O-O
{[%clk 0:15:22]} Nxe4 {[%clk 0:15:14]} 5. Re1 {[%clk 0:15:31]} Nd6
{[%clk 0:15:22]} 6. Nxe5 {[%clk 0:15:39]} Be7 {[%clk 0:15:28]} 7. Bf1
{[%clk 0:15:47]} Nxe5 {[%clk 0:15:35]} 8. Rxe5 {[%clk 0:15:55]} O-O
{[%clk 0:15:42]} 9. Nc3 {[%clk 0:15:13]} Ne8 {[%clk 0:15:48]} 10. Nd5
{[%clk 0:15:22]} Bd6 {[%clk 0:15:57]} 11. Re1 {[%clk 0:15:29]} c6
{[%clk 0:16:05]} 12. Ne3 {[%clk 0:15:36]} Be7 {[%clk 0:15:50]} 13. Qe2
{[%clk 0:15:00]} Nc7 {[%clk 0:14:28]} 14. Nf5 {[%clk 0:14:43]} Bf6
{[%clk 0:14:37]} 15. Nd6 {[%clk 0:13:59]} Ne6 {[%clk 0:14:41]} 16. c3
{[%clk 0:13:16]} Qc7 {[%clk 0:14:41]} 17. Nxc8 {[%clk 0:13:16]} Raxc8
{[%clk 0:14:49]} 18. d4 {[%clk 0:13:04]} d5 {[%clk 0:14:49]} 19. Qg4
{[%clk 0:11:33]} g6 {[%clk 0:12:59]} 20. Bd3 {[%clk 0:10:29]} Rce8
{[%clk 0:12:44]} 21. Bd2 {[%clk 0:09:44]} h5 {[%clk 0:09:06]} 22. Qf3
{[%clk 0:05:31]} Bg5 {[%clk 0:07:41]} 23. Bxg5 {[%clk 0:05:03]} Nxg5
{[%clk 0:07:50]} 24. Qf6 {[%clk 0:05:02]} Nh7 {[%clk 0:06:38]} 25. Qf3
{[%clk 0:04:54]} Kg7 {[%clk 0:06:31]} 26. Re3 {[%clk 0:03:37]} Nf6
{[%clk 0:06:27]} 27. h3 {[%clk 0:03:02]} Rxe3 {[%clk 0:06:32]} 28. Qxe3
{[%clk 0:03:11]} Re8 {[%clk 0:06:40]} 29. Qd2 {[%clk 0:03:06]} Qe7
{[%clk 0:05:49]} 30. Kf1 {[%clk 0:02:48]} Qc7 {[%clk 0:05:48]} 31. Kg1
{[%clk 0:02:54]} Qb6 {[%clk 0:04:39]} 32. Kf1 {[%clk 0:02:58]} Ne4
{[%clk 0:04:38]} 33. Bxe4 {[%clk 0:02:22]} Rxe4 {[%clk 0:04:47]} 34. f3
{[%clk 0:02:21]} Re6 {[%clk 0:04:41]} 35. b3 {[%clk 0:01:54]} Qa6+
{[%clk 0:02:28]} 1/2-1/2

[Event "Rapid 2018"]
[Site "Saint-Petersburg"]
[Date "2018.12.28"]
[Round "12"]
[Board "67"]
[White "Novikov Stanislav (RUS)"]
[Black "Usmanov Vasily (RUS)"]
[Result "1-0"]
[LiveChessVersion "1.4.8"]
[BlackElo "2459"]
[WhiteElo "2605"]

1. e4 {[%clk 0:15:17]} d5 {[%clk 0:15:19]} 2. exd5 {[%clk 0:15:25]} Qxd5
{[%clk 0:15:28]} 3. Nc3 {[%clk 0:15:34]} Qd8 {[%clk 0:15:37]} 4. d4
{[%clk 0:15:35]} c6 {[%clk 0:15:46]} 5. Ne4 {[%clk 0:14:37]} Bf5 {[%clk 0:15:54]}
6. Ng3 {[%clk 0:14:43]} Bg6 {[%clk 0:16:03]} 7. h4 {[%clk 0:14:27]} h6
{[%clk 0:16:11]} 8. Nf3 {[%clk 0:14:36]} e6 {[%clk 0:16:08]} 9. h5
{[%clk 0:14:41]} Bh7 {[%clk 0:16:16]} 10. Bd3 {[%clk 0:14:50]} Bxd3
{[%clk 0:16:13]} 11. Qxd3 {[%clk 0:14:59]} Nf6 {[%clk 0:16:17]} 12. Bf4
{[%clk 0:15:01]} c5 {[%clk 0:16:15]} 13. O-O-O {[%clk 0:14:28]} Nc6
{[%clk 0:16:19]} 14. Ne4 {[%clk 0:13:36]} cxd4 {[%clk 0:14:43]} 15. Nxd4
{[%clk 0:13:39]} Nxd4 {[%clk 0:14:31]} 16. Qxd4 {[%clk 0:11:04]} Qxd4
{[%clk 0:14:37]} 17. Rxd4 {[%clk 0:11:13]} Nxe4 {[%clk 0:14:39]} 18. Rxe4
{[%clk 0:11:22]} Bc5 {[%clk 0:14:22]} 19. f3 {[%clk 0:09:42]} Rd8
{[%clk 0:13:52]} 20. b4 {[%clk 0:09:14]} Bd4 {[%clk 0:13:04]} 21. c4
{[%clk 0:09:16]} Ke7 {[%clk 0:12:43]} 22. Kc2 {[%clk 0:09:20]} Rd7
{[%clk 0:12:37]} 23. Rd1 {[%clk 0:09:13]} Bf6 {[%clk 0:12:23]} 24. Rxd7+
{[%clk 0:08:50]} Kxd7 {[%clk 0:12:31]} 25. Be3 {[%clk 0:07:29]} a6
{[%clk 0:12:38]} 26. Bd4 {[%clk 0:05:59]} Bxd4 {[%clk 0:11:21]} 27. Rxd4+
{[%clk 0:06:08]} Ke7 {[%clk 0:11:04]} 28. c5 {[%clk 0:05:59]} Rd8
{[%clk 0:08:22]} 29. Rxd8 {[%clk 0:05:52]} Kxd8 {[%clk 0:08:31]} 30. Kd3
{[%clk 0:06:01]} Kd7 {[%clk 0:08:40]} 31. Kc4 {[%clk 0:05:02]} Kc6
{[%clk 0:08:40]} 32. a4 {[%clk 0:04:52]} Kc7 {[%clk 0:05:51]} 33. b5
{[%clk 0:02:38]} a5 {[%clk 0:06:00]} 34. f4 {[%clk 0:02:26]} f6 {[%clk 0:04:57]}
35. Kd4 {[%clk 0:02:21]} Kd7 {[%clk 0:05:01]} 36. g4 {[%clk 0:02:26]} Kc7
{[%clk 0:04:59]} 37. Ke4 {[%clk 0:02:23]} Kd7 {[%clk 0:05:00]} 38. Kf3
{[%clk 0:02:31]} Kc7 {[%clk 0:05:03]} 39. g5 {[%clk 0:02:31]} Kd7
{[%clk 0:04:10]} 40. g6 {[%clk 0:02:40]} Kc7 {[%clk 0:04:15]} 41. Ke3
{[%clk 0:02:32]} Kd7 {[%clk 0:04:04]} 42. Ke4 {[%clk 0:02:41]} Kc7
{[%clk 0:03:11]} 43. f5 {[%clk 0:02:48]} Kd7 {[%clk 0:00:55]} 44. Kf4
{[%clk 0:01:54]} Ke7 {[%clk 0:00:55]} 45. fxe6 {[%clk 0:02:00]} Kxe6
{[%clk 0:00:59]} 46. Ke4 {[%clk 0:02:09]} Ke7 {[%clk 0:00:53]} 47. Kd5
{[%clk 0:02:16]} Kd7 {[%clk 0:01:02]} 48. b6 {[%clk 0:01:42]} f5 {[%clk 0:00:51]}
49. Ke5 {[%clk 0:01:43]} Kc6 {[%clk 0:01:00]} 50. Kxf5 {[%clk 0:01:51]} Kd5
{[%clk 0:01:08]} 51. c6 {[%clk 0:01:55]} Kxc6 {[%clk 0:01:15]} 52. Ke6
{[%clk 0:02:04]} Kxb6 {[%clk 0:01:24]} 53. Kf7 {[%clk 0:02:12]} Kc5
{[%clk 0:01:27]} 54. Kxg7 {[%clk 0:02:21]} 1-0

[Event "Rapid 2018"]
[Site "Saint-Petersburg"]
[Date "2018.12.28"]
[Round "12"]
[Board "68"]
[White "Kabanov Nikolai (RUS)"]
[Black "Bindrich Falko (GER)"]
[Result "1/2-1/2"]
[LiveChessVersion "1.4.8"]
[BlackElo "2584"]
[WhiteElo "2403"]

1. e4 {[%clk 0:15:18]} e5 {[%clk 0:15:19]} 2. Nf3 {[%clk 0:15:25]} Nf6
{[%clk 0:15:27]} 3. Nc3 {[%clk 0:15:33]} Nc6 {[%clk 0:15:36]} 4. Bc4
{[%clk 0:15:38]} Bc5 {[%clk 0:15:42]} 5. d3 {[%clk 0:15:34]} h6 {[%clk 0:15:50]}
6. Be3 {[%clk 0:15:27]} d6 {[%clk 0:15:57]} 7. h3 {[%clk 0:14:54]} Bb6
{[%clk 0:15:23]} 8. Bxb6 {[%clk 0:13:56]} axb6 {[%clk 0:15:32]} 9. d4
{[%clk 0:14:03]} O-O {[%clk 0:15:19]} 10. O-O {[%clk 0:14:01]} Bd7
{[%clk 0:15:20]} 11. Re1 {[%clk 0:13:50]} Re8 {[%clk 0:15:21]} 12. a3
{[%clk 0:13:41]} g6 {[%clk 0:13:58]} 13. Qd2 {[%clk 0:13:34]} Kg7
{[%clk 0:14:06]} 14. Rad1 {[%clk 0:13:36]} Qc8 {[%clk 0:13:42]} 15. Bf1
{[%clk 0:13:39]} Rd8 {[%clk 0:13:09]} 16. Nd5 {[%clk 0:13:35]} Ng8
{[%clk 0:11:46]} 17. dxe5 {[%clk 0:11:48]} dxe5 {[%clk 0:11:32]} 18. Qc3
{[%clk 0:11:40]} f6 {[%clk 0:11:32]} 19. Rd2 {[%clk 0:11:16]} Be6
{[%clk 0:11:34]} 20. Red1 {[%clk 0:09:45]} Bxd5 {[%clk 0:11:34]} 21. Rxd5
{[%clk 0:08:28]} Rxd5 {[%clk 0:11:41]} 22. Rxd5 {[%clk 0:07:34]} Nge7
{[%clk 0:11:49]} 23. Rd1 {[%clk 0:07:23]} Qe8 {[%clk 0:11:56]} 24. Bb5
{[%clk 0:07:14]} Rd8 {[%clk 0:12:00]} 25. Rd3 {[%clk 0:06:32]} Rxd3
{[%clk 0:11:52]} 26. Qxd3 {[%clk 0:06:21]} Qd8 {[%clk 0:11:50]} 27. Kf1
{[%clk 0:05:57]} Qxd3+ {[%clk 0:11:30]} 28. cxd3 {[%clk 0:05:50]} Na7
{[%clk 0:11:18]} 29. Bc4 {[%clk 0:05:41]} b5 {[%clk 0:11:12]} 30. Ba2
{[%clk 0:05:36]} c5 {[%clk 0:11:02]} 31. Ke2 {[%clk 0:05:30]} Nac6
{[%clk 0:11:11]} 32. Kd2 {[%clk 0:05:28]} f5 {[%clk 0:11:06]} 33. g3
{[%clk 0:04:49]} Kf6 {[%clk 0:11:14]} 34. h4 {[%clk 0:04:36]} b6 {[%clk 0:11:01]}
35. Ke3 {[%clk 0:03:55]} Nc8 {[%clk 0:10:59]} 36. Bd5 {[%clk 0:03:53]} N6e7
{[%clk 0:11:08]} 37. Ba2 {[%clk 0:03:44]} Nd6 {[%clk 0:11:16]} 38. Nd2
{[%clk 0:03:48]} Nc6 {[%clk 0:11:01]} 39. Bd5 {[%clk 0:03:50]} Nd4
{[%clk 0:11:05]} 40. f4 {[%clk 0:03:55]} g5 {[%clk 0:10:10]} 41. hxg5+
{[%clk 0:03:54]} hxg5 {[%clk 0:10:18]} 42. Nf3 {[%clk 0:02:29]} exf4+
{[%clk 0:06:28]} 43. gxf4 {[%clk 0:02:37]} gxf4+ {[%clk 0:06:36]} 44. Kxf4
{[%clk 0:02:43]} Nxf3 {[%clk 0:06:42]} 45. Kxf3 {[%clk 0:02:48]} Ke5
{[%clk 0:06:48]} 46. Bc6 {[%clk 0:02:30]} c4 {[%clk 0:05:55]} 47. exf5
{[%clk 0:01:31]} Nxf5 {[%clk 0:06:03]} 48. Bd7 {[%clk 0:01:39]} Nd6
{[%clk 0:04:39]} 49. Ke3 {[%clk 0:01:41]} Kd5 {[%clk 0:04:46]} 50. d4
{[%clk 0:01:25]} c3 {[%clk 0:03:03]} 51. bxc3 {[%clk 0:01:31]} Kc4
{[%clk 0:03:12]} 52. Kf4 {[%clk 0:01:06]} Kxc3 {[%clk 0:03:15]} 53. Ke5
{[%clk 0:01:12]} Nc4+ {[%clk 0:03:24]} 54. Kd5 {[%clk 0:01:20]} Nxa3
{[%clk 0:03:32]} 55. Bxb5 {[%clk 0:01:24]} Nxb5 {[%clk 0:03:39]} 56. Kc6
{[%clk 0:01:33]} Nxd4+ {[%clk 0:03:48]} 57. Kxb6 {[%clk 0:01:41]} 1/2-1/2

[Event "Rapid 2018"]
[Site "Saint-Petersburg"]
[Date "2018.12.28"]
[Round "12"]
[Board "69"]
[White "Sharma Dinesh K. (IND)"]
[Black "Huzman Alexander (ISR)"]
[Result "1/2-1/2"]
[LiveChessVersion "1.4.8"]
[BlackElo "2572"]
[WhiteElo "2388"]

1. Nf3 {[%clk 0:15:17]} Nf6 {[%clk 0:15:12]} 2. c4 {[%clk 0:15:25]} e6
{[%clk 0:15:16]} 3. d4 {[%clk 0:15:34]} d5 {[%clk 0:15:25]} 4. Nc3
{[%clk 0:15:42]} c6 {[%clk 0:15:33]} 5. cxd5 {[%clk 0:15:50]} exd5
{[%clk 0:15:33]} 6. Bg5 {[%clk 0:15:57]} h6 {[%clk 0:15:31]} 7. Bf4
{[%clk 0:15:50]} Bf5 {[%clk 0:15:14]} 8. e3 {[%clk 0:14:33]} Qb6 {[%clk 0:15:18]}
9. Qc1 {[%clk 0:14:41]} Nbd7 {[%clk 0:15:25]} 10. Be2 {[%clk 0:14:45]} Be7
{[%clk 0:14:18]} 11. h3 {[%clk 0:14:53]} O-O {[%clk 0:14:12]} 12. O-O
{[%clk 0:13:36]} Rfe8 {[%clk 0:14:03]} 13. Re1 {[%clk 0:13:41]} Qd8
{[%clk 0:12:28]} 14. Qd1 {[%clk 0:13:30]} Ne4 {[%clk 0:12:14]} 15. Bd3
{[%clk 0:12:05]} Bf8 {[%clk 0:10:41]} 16. Ne5 {[%clk 0:11:46]} Nxe5
{[%clk 0:08:40]} 17. Bxe5 {[%clk 0:11:50]} Nxc3 {[%clk 0:08:08]} 18. bxc3
{[%clk 0:11:55]} Bxd3 {[%clk 0:08:17]} 19. Qxd3 {[%clk 0:12:03]} b5
{[%clk 0:08:26]} 20. a4 {[%clk 0:11:51]} a6 {[%clk 0:08:35]} 21. e4
{[%clk 0:11:00]} dxe4 {[%clk 0:08:27]} 22. Rxe4 {[%clk 0:10:44]} Qd7
{[%clk 0:08:35]} 23. Re3 {[%clk 0:07:06]} Rad8 {[%clk 0:06:11]} 24. Qc2
{[%clk 0:05:24]} Qd5 {[%clk 0:05:24]} 25. Rg3 {[%clk 0:04:47]} Re6
{[%clk 0:05:33]} 26. axb5 {[%clk 0:04:47]} axb5 {[%clk 0:05:33]} 27. Ra7 Rd7
{[%clk 0:04:20]} 28. Ra8 {[%clk 0:04:53]} Rd8 {[%clk 0:04:29]} 29. Ra7 Rd7 30.
Ra8 {[%clk 0:05:03]} Rd8 {[%clk 0:04:29]} 1/2-1/2

[Event "Rapid 2018"]
[Site "Saint-Petersburg"]
[Date "2018.12.28"]
[Round "12"]
[Board "70"]
[White "Tregubov Pavel V. (RUS)"]
[Black "Anikonov Dmitry (RUS)"]
[Result "1-0"]
[LiveChessVersion "1.4.8"]
[BlackElo "2413"]
[WhiteElo "2553"]

1. d4 {[%clk 0:15:18]} e6 {[%clk 0:15:19]} 2. e4 {[%clk 0:15:11]} d5
{[%clk 0:15:28]} 3. exd5 {[%clk 0:15:20]} exd5 {[%clk 0:15:34]} 4. Nf3
{[%clk 0:15:29]} Bd6 {[%clk 0:15:38]} 5. c4 {[%clk 0:15:32]} Nf6 {[%clk 0:15:04]}
6. c5 {[%clk 0:15:31]} Be7 {[%clk 0:15:13]} 7. Bd3 {[%clk 0:15:35]} O-O
{[%clk 0:15:15]} 8. O-O {[%clk 0:15:43]} b6 {[%clk 0:14:44]} 9. Be3
{[%clk 0:15:50]} Bg4 {[%clk 0:14:21]} 10. Nbd2 {[%clk 0:15:00]} bxc5
{[%clk 0:12:59]} 11. dxc5 {[%clk 0:15:08]} Nc6 {[%clk 0:11:57]} 12. Qa4
{[%clk 0:13:05]} Bd7 {[%clk 0:09:32]} 13. Bb5 {[%clk 0:13:05]} Qe8
{[%clk 0:08:42]} 14. Rfe1 {[%clk 0:12:30]} a6 {[%clk 0:08:36]} 15. Bxc6
{[%clk 0:12:35]} Bxc6 {[%clk 0:08:45]} 16. Qa5 {[%clk 0:12:38]} Qd8
{[%clk 0:07:44]} 17. Nd4 {[%clk 0:12:08]} Bd7 {[%clk 0:07:44]} 18. Bf4
{[%clk 0:11:50]} Ra7 {[%clk 0:05:55]} 19. c6 {[%clk 0:11:20]} Bc8
{[%clk 0:05:45]} 20. Nb5 {[%clk 0:09:54]} Bb4 {[%clk 0:05:26]} 21. Qxb4
{[%clk 0:09:59]} axb5 {[%clk 0:05:35]} 22. Qxb5 {[%clk 0:09:12]} Be6
{[%clk 0:04:59]} 23. Nb3 {[%clk 0:07:47]} Qa8 {[%clk 0:05:00]} 24. Nd4
{[%clk 0:06:21]} Rb8 {[%clk 0:03:52]} 25. Qe2 {[%clk 0:05:21]} Rxa2
{[%clk 0:02:52]} 26. Rxa2 {[%clk 0:05:30]} Qxa2 {[%clk 0:03:00]} 27. Nxe6
{[%clk 0:03:49]} Rxb2 {[%clk 0:03:08]} 28. Qe3 {[%clk 0:02:52]} Ng4
{[%clk 0:01:37]} 29. Qg3 {[%clk 0:02:26]} Re2 {[%clk 0:00:51]} 30. Rf1
{[%clk 0:02:32]} Rxe6 {[%clk 0:00:35]} 31. Qxg4 {[%clk 0:02:40]} Qc4
{[%clk 0:00:39]} 32. h3 {[%clk 0:02:26]} h5 {[%clk 0:00:25]} 33. Qg5
{[%clk 0:02:07]} Rg6 {[%clk 0:00:23]} 34. Qe5 {[%clk 0:01:50]} Qxc6
{[%clk 0:00:29]} 35. Rc1 {[%clk 0:01:52]} Qd7 {[%clk 0:00:36]} 36. Qxh5
{[%clk 0:01:43]} c6 {[%clk 0:00:45]} 37. Rb1 {[%clk 0:01:40]} Re6
{[%clk 0:00:48]} 38. Qg4 {[%clk 0:01:47]} g6 {[%clk 0:00:13]} 39. Rb8+
{[%clk 0:01:42]} Kg7 {[%clk 0:00:22]} 40. Qh4 {[%clk 0:01:40]} Re1+
{[%clk 0:00:19]} 41. Kh2 {[%clk 0:01:48]} Re8 {[%clk 0:00:28]} 42. Be5+
{[%clk 0:01:53]} 1-0

[Event "Rapid 2018"]
[Site "Saint-Petersburg"]
[Date "2018.12.28"]
[Round "12"]
[Board "71"]
[White "Sychev Klementy (RUS)"]
[Black "Fakhrutdinov Timur (RUS)"]
[Result "1/2-1/2"]
[LiveChessVersion "1.4.8"]
[BlackElo "2388"]
[WhiteElo "2544"]

1. b3 {[%clk 0:15:18]} e5 {[%clk 0:15:02]} 2. Bb2 {[%clk 0:15:26]} Nc6
{[%clk 0:15:08]} 3. e3 {[%clk 0:15:34]} Nf6 {[%clk 0:14:43]} 4. Nf3
{[%clk 0:15:42]} d6 {[%clk 0:14:33]} 5. c4 {[%clk 0:14:51]} Be7 {[%clk 0:13:31]}
6. Be2 {[%clk 0:14:53]} e4 {[%clk 0:11:53]} 7. Nd4 {[%clk 0:15:01]} Ne5
{[%clk 0:11:56]} 8. f4 {[%clk 0:13:01]} Nd3+ {[%clk 0:10:38]} 9. Bxd3
{[%clk 0:13:08]} exd3 {[%clk 0:10:45]} 10. Nc3 {[%clk 0:13:03]} d5
{[%clk 0:09:59]} 11. cxd5 {[%clk 0:10:25]} Nxd5 {[%clk 0:09:59]} 12. O-O
{[%clk 0:10:17]} O-O {[%clk 0:09:14]} 13. Rc1 {[%clk 0:10:19]} Nf6
{[%clk 0:08:06]} 14. Nf3 {[%clk 0:09:40]} b6 {[%clk 0:07:04]} 15. Ne5
{[%clk 0:09:38]} Bb7 {[%clk 0:07:11]} 16. Rf2 {[%clk 0:09:02]} c5
{[%clk 0:06:06]} 17. Qf1 {[%clk 0:08:22]} Ne4 {[%clk 0:06:11]} 18. Nxe4
{[%clk 0:08:21]} Bxe4 {[%clk 0:06:19]} 19. f5 {[%clk 0:08:25]} f6
{[%clk 0:04:46]} 20. Ng4 {[%clk 0:07:24]} Qd5 {[%clk 0:04:04]} 21. Rf4
{[%clk 0:03:17]} Bd6 {[%clk 0:04:02]} 22. Rxe4 {[%clk 0:03:23]} Qxe4
{[%clk 0:04:10]} 23. Rc4 {[%clk 0:03:32]} Qd5 {[%clk 0:02:18]} 24. e4
{[%clk 0:03:41]} Qf7 {[%clk 0:02:26]} 25. Qxd3 {[%clk 0:03:49]} Bf4
{[%clk 0:02:11]} 26. Rc2 {[%clk 0:03:13]} Rad8 {[%clk 0:02:01]} 27. Qe2
{[%clk 0:03:22]} Qd7 {[%clk 0:01:45]} 28. Bc3 {[%clk 0:03:03]} Qd3
{[%clk 0:01:18]} 29. Qxd3 {[%clk 0:03:06]} Rxd3 {[%clk 0:01:26]} 30. Kf1
{[%clk 0:02:30]} Rfd8 {[%clk 0:01:06]} 31. Ke2 {[%clk 0:02:24]} h5
{[%clk 0:01:06]} 32. Nf2 {[%clk 0:02:22]} R3d6 {[%clk 0:00:50]} 33. g3
{[%clk 0:01:35]} Be5 {[%clk 0:00:33]} 34. d3 {[%clk 0:00:46]} Bxc3
{[%clk 0:00:22]} 35. Rxc3 {[%clk 0:00:54]} g6 {[%clk 0:00:22]} 36. fxg6 Kg7 37.
Nh3 {[%clk 0:01:04]} Kxg6 {[%clk 0:00:16]} 38. Nf4+ {[%clk 0:01:13]} Kg5
{[%clk 0:00:20]} 39. Kf3 {[%clk 0:01:04]} Re8 {[%clk 0:00:24]} 40. b4
{[%clk 0:00:25]} cxb4 {[%clk 0:00:14]} 41. Rc7 {[%clk 0:00:35]} f5
{[%clk 0:00:15]} 42. Rxa7 {[%clk 0:00:29]} fxe4+ {[%clk 0:00:17]} 43. dxe4
{[%clk 0:00:38]} Rd2 {[%clk 0:00:17]} 44. Rg7+ {[%clk 0:00:30]} Kf6
{[%clk 0:00:18]} 45. Rg6+ {[%clk 0:00:13]} Kf7 {[%clk 0:00:19]} 46. Rxb6
{[%clk 0:00:22]} Rxa2 {[%clk 0:00:17]} 47. Rxb4 {[%clk 0:00:22]} Rxh2
{[%clk 0:00:19]} 48. Rb5 {[%clk 0:00:30]} h4 {[%clk 0:00:20]} 49. Rf5+
{[%clk 0:00:36]} Kg8 {[%clk 0:00:19]} 50. Rg5+ {[%clk 0:00:45]} Kf7
{[%clk 0:00:28]} 51. Rf5+ {[%clk 0:00:52]} Kg8 {[%clk 0:00:35]} 52. Rg5+
{[%clk 0:00:57]} Kf7 {[%clk 0:00:43]} 1/2-1/2

[Event "Rapid 2018"]
[Site "Saint-Petersburg"]
[Date "2018.12.28"]
[Round "12"]
[Board "72"]
[White "Geller Jakov (RUS)"]
[Black "Vokhidov Shamsiddin (UZB)"]
[Result "0-1"]
[LiveChessVersion "1.4.8"]
[BlackElo "2304"]
[WhiteElo "2530"]

1. e4 {[%clk 0:15:17]} e5 {[%clk 0:15:14]} 2. Nf3 {[%clk 0:15:25]} Nc6
{[%clk 0:15:23]} 3. Bc4 {[%clk 0:15:33]} Bc5 {[%clk 0:15:32]} 4. d3
{[%clk 0:15:40]} Nf6 {[%clk 0:15:40]} 5. O-O {[%clk 0:15:48]} d6 {[%clk 0:15:46]}
6. c3 {[%clk 0:15:55]} a6 {[%clk 0:15:55]} 7. Bb3 {[%clk 0:16:03]} Ba7
{[%clk 0:16:03]} 8. Nbd2 {[%clk 0:16:02]} O-O {[%clk 0:16:11]} 9. h3
{[%clk 0:16:09]} Be6 {[%clk 0:15:11]} 10. Bc2 {[%clk 0:16:14]} d5
{[%clk 0:15:15]} 11. exd5 {[%clk 0:15:58]} Nxd5 {[%clk 0:15:22]} 12. Re1
{[%clk 0:16:04]} Nf4 {[%clk 0:13:36]} 13. Ne4 {[%clk 0:15:13]} Ng6
{[%clk 0:13:44]} 14. Nfg5 {[%clk 0:14:16]} Bd5 {[%clk 0:13:45]} 15. Qh5
{[%clk 0:11:37]} h6 {[%clk 0:13:53]} 16. Nf3 {[%clk 0:11:29]} Re8
{[%clk 0:13:28]} 17. Bb3 {[%clk 0:10:43]} Bxb3 {[%clk 0:12:15]} 18. axb3
{[%clk 0:10:51]} Re6 {[%clk 0:12:22]} 19. Rd1 {[%clk 0:09:03]} Nce7
{[%clk 0:11:56]} 20. Nh4 {[%clk 0:07:38]} Nxh4 {[%clk 0:10:24]} 21. Qxh4
{[%clk 0:07:45]} Qd7 {[%clk 0:10:15]} 22. Ng3 {[%clk 0:07:04]} f5
{[%clk 0:07:09]} 23. Be3 {[%clk 0:06:22]} Bxe3 {[%clk 0:07:17]} 24. fxe3
{[%clk 0:06:30]} Rf8 {[%clk 0:07:09]} 25. Qc4 {[%clk 0:05:14]} b5
{[%clk 0:06:45]} 26. Qc5 {[%clk 0:03:56]} Rg6 {[%clk 0:05:28]} 27. Kh2
{[%clk 0:02:35]} f4 {[%clk 0:05:26]} 28. exf4 {[%clk 0:02:42]} exf4
{[%clk 0:05:30]} 29. Ne4 {[%clk 0:01:43]} Nf5 {[%clk 0:03:48]} 30. Rd2
{[%clk 0:01:09]} f3 {[%clk 0:02:21]} 31. g3 {[%clk 0:00:22]} Qf7 {[%clk 0:01:47]}
32. Rf1 {[%clk 0:00:22]} Nxg3 {[%clk 0:01:26]} 33. Nxg3 {[%clk 0:00:16]} Rxg3
{[%clk 0:01:35]} 34. Qe5 {[%clk 0:00:15]} Rg5 {[%clk 0:01:38]} 35. Qd4
{[%clk 0:00:22]} c5 {[%clk 0:01:44]} 36. Qd6 {[%clk 0:00:29]} Rg6
{[%clk 0:01:36]} 37. Qe5 {[%clk 0:00:19]} Re8 {[%clk 0:01:45]} 38. Qh5
{[%clk 0:00:15]} Rg2+ {[%clk 0:01:47]} 39. Rxg2 {[%clk 0:00:22]} Qxh5
{[%clk 0:01:56]} 0-1